Tokyo Animated Movies by Picture - Statistics

General Stats
  • This quiz has been taken 68 times
  • The average score is 6 of 16
Answer Stats
Picture Answer % Correct
Cars 2
94%
Your Name
55%
Akira
53%
Sailor Moon R: The Movie
52%
Case Closed: The Time Bombed Skyscraper
47%
Stand by Me Doraemon
36%
Suzume
34%
The Boy and the Heron
34%
The Wind Rises
34%
Tokyo Godfathers
28%
Weathering with You
25%
Pom Poko
23%
Jujutsu Kaisen 0
22%
Whisper of the Heart
19%
Only Yesterday
16%
Bubble
13%
No matching quizzes found
Score Distribution
Percent of People with Each Score
Percentile by Number Answered
Your Score History
You have not taken this quiz